LEADER 00598naa a2200145 i 4500 001 000000295234 003 CaOOAMICUS 005 20180831172521.0 008 180831n xx u000 u und u 013 $a2530 040 $aSeMil$bita 100 1 $aBertrand, Dominique .$0(OLS)http://semarc/name/85075 245 10$aBible et prière :$btypologie des références à la Bible dans le "Discours sur la prière". 650 4$aLectio divina.$0(OLS)http://semarc/subject/2808 996 $6245$aBible et prière :$btypologie des références à la Bible dans le "Discours sur la prière"$9(OLS)http://semarc/title/371294 LEADER 00949nam a2200217 i 4500 001 000000064334 003 CaOOAMICUS 005 19980925000000.0 008 980925n xx u000 u ger u 013 $a35506 020 $a3451021021 040 $aSeMil$bita 245 10$aEthik im Neuen Testament. Freiburg :$bHerder, copyr. 1984. (Quaestiones disputatae ; 102). 490 0 $aQuaestiones disputatae ;$v102 650 4$aTeologia biblica - NT.$0(OLS)http://semarc/subject/595 700 1 $aKertelge, Karl,$d<1926-2009>.$0(OLS)http://semarc/name/16973 830 0$aQuaestiones disputatae ;$v102.$0(OLS)http://semarc/title/436628 850 $aSeMil 852 $aSeMil$W1$xVenegono$y1$m2M I 454$j30487$B30487$CSeMilBibl$Z2$F30490 $81 996 $6020$a3451021021$9(OLS)http://semarc/number/41265 996 $6245$aEthik im Neuen Testament. Freiburg :$bHerder, copyr. 1984. (Quaestiones disputatae ; 102).$9(OLS)http://semarc/title/101809